Southern Potteries Incorporated Blue Ridge dinnerware / (Record no. 986)

000 -LEADER
fixed length control field 01271nam a22003977a 4500
001 - CONTROL NUMBER
control field 1906875
003 - CONTROL NUMBER IDENTIFIER
control field OSt
005 - DATE AND TIME OF LATEST TRANSACTION
control field 20210426113048.0
008 - FIXED-LENGTH DATA ELEMENTS--GENERAL INFORMATION
fixed length control field 840814s1984 kyua c 001 0 eng
010 ## - LIBRARY OF CONGRESS CONTROL NUMBER
LC control number 84199319
020 ## - INTERNATIONAL STANDARD BOOK NUMBER
International Standard Book Number 0891452737 (pbk.) :
040 ## - CATALOGING SOURCE
Original cataloging agency DLC
Transcribing agency DLC
Modifying agency DLC
Language of cataloging eng
041 ## - LANGUAGE CODE
Language code of text/sound track or separate title eng
043 ## - GEOGRAPHIC AREA CODE
Geographic area code n-us-tn
050 00 - LIBRARY OF CONGRESS CALL NUMBER
Classification number NK4210.S623
Item number N48 1984
080 ## - UNIVERSAL DECIMAL CLASSIFICATION NUMBER
Universal Decimal Classification number 7
Item number N-52
082 00 - DEWEY DECIMAL CLASSIFICATION NUMBER
Classification number 738.3/09768/982
Edition number 20
100 1# - MAIN ENTRY--PERSONAL NAME
Personal name Newbound, Betty.
245 10 - TITLE STATEMENT
Title Southern Potteries Incorporated Blue Ridge dinnerware /
Statement of responsibility, etc. by Betty and Bill Newbound ; photos by Jimmy Tafoya.
Remainder of title / by: Collector Books
250 ## - EDITION STATEMENT
Edition statement Revised 2nd edition
260 ## - PUBLICATION, DISTRIBUTION, ETC.
Place of publication, distribution, etc. Paducah, Ky. :
Name of publisher, distributor, etc. Collector Books
Date of publication, distribution, etc. c1984.
300 ## - PHYSICAL DESCRIPTION
Extent 155 p. Index 4 p.
Other physical details ill. (some col.) ;
Dimensions 22 cm.
365 ## - TRADE PRICE
Price amount 9.95 usd
500 ## - GENERAL NOTE
General note Includes index.
610 20 - SUBJECT ADDED ENTRY--CORPORATE NAME
Corporate name or jurisdiction name as entry element Southern Potteries Incorporated
General subdivision Catalogs.
650 #0 - SUBJECT ADDED ENTRY--TOPICAL TERM
Topical term or geographic name entry element Blue Ridge dinnerware
General subdivision Catalogs.
650 #0 - SUBJECT ADDED ENTRY--TOPICAL TERM
Topical term or geographic name entry element Art
9 (RLIN) 447
650 #0 - SUBJECT ADDED ENTRY--TOPICAL TERM
Topical term or geographic name entry element Pottery, American
Geographic subdivision Tennessee
-- Erwin
General subdivision Catalogs.
653 ## - INDEX TERM--UNCONTROLLED
Uncontrolled term ხელოვნება
653 ## - INDEX TERM--UNCONTROLLED
Uncontrolled term კერამიკა
700 1# - ADDED ENTRY--PERSONAL NAME
Personal name Newbound, Bill.
700 1# - ADDED ENTRY--PERSONAL NAME
Personal name Tafoya, Jimmy.
740 0# - ADDED ENTRY--UNCONTROLLED RELATED/ANALYTICAL TITLE
Uncontrolled related/analytical title Blue Ridge dinnerware.
906 ## - LOCAL DATA ELEMENT F, LDF (RLIN)
a 7
b cbc
c orignew
d 2
e ncip
f 19
g y-gencatlg
942 ## - ADDED ENTRY ELEMENTS (KOHA)
Source of classification or shelving scheme
Koha item type Books
Edition 2
Holdings
Withdrawn status Lost status Source of classification or shelving scheme Damaged status Not for loan Permanent location Current location Date acquired Inventory number Total Checkouts Full call number Barcode Date last seen Price effective from Koha item type
          Ken Walker International University Ken Walker International University 01/27/2021 2495   7 N-52 2495 01/27/2021 01/27/2021 Books

Powered by Koha